Vplyv zváracích premenných na hĺbku závaru pri orbitálnom zváraní žiarupevných kotlových rúr metódou TIG

Salvato in:
Dettagli Bibliografici
Autore principale: Karvaš, Matej, 1987- (Autore)
Altri autori: Račko, Peter, 1966- (Relatore della tesi)
Natura: Manoscritto Libro
Lingua:slovacco
Pubblicazione: Trnava : STU v Bratislave MTF UVTE, 2013
Accesso online:VAIS
Tags: Aggiungi Tag
Nessun Tag, puoi essere il primo ad aggiungerne!!

MARC

LEADER 00000ntm a22000003a 4500
001 stu268281
005 20160719160715.2
008 130613s2013----xo------------------slo-d
040 |a STU  |b slo 
041 0 |a slo 
044 |a xo 
100 1 |a Karvaš, Matej,  |d 1987-  |4 aut  |X 48585  |7 A000048585 
242 0 0 |a Effect of welding variables on the depth of penetration on orbital TIG welding creep resistant boiler tubes   |y eng 
245 1 |a Vplyv zváracích premenných na hĺbku závaru pri orbitálnom zváraní žiarupevných kotlových rúr metódou TIG 
260 |a Trnava :  |b STU v Bratislave MTF UVTE,  |c 2013 
700 1 |a Račko, Peter,  |d 1966-  |4 ths  |X 5416  |7 A000005416 
856 4 |a info a plný text  |u http://is.stuba.sk/zp/portal_zp.pl?podrobnosti=91056  |3 VAIS 
996 |c M*DP-11121  |l MMSKP  |s P  |a 0  |w stu268281_0001